Sonic Unleashed Stages - Statistics

General Stats
  • This quiz has been taken 33 times
  • The average score is 14 of 17
Answer Stats
Name % Correct
Windmill Isle
100%
Eggmanland
96%
Apotos
93%
Rooftop Run
93%
Dragon Road
86%
Cool Edge
82%
Chun-nan
79%
Mazuri
79%
Skyscraper Scamper
79%
Arid Sands
75%
Empire City
75%
Jungle Joyride
75%
Spagonia
75%
Holoska
71%
Savannah Citadel
71%
Adabat
68%
Shamar
64%
No matching quizzes found
Score Distribution
Percent of People with Each Score
Percentile by Number Answered
Your Score History
You have not taken this quiz